Wszystkie miasta województwa małopolskiego na mapie - Statystyki

Ogólne statystyki
  • Ten quiz został rozwiązany 13 539 razy
    9 670 od ostatniego zresetowania
  • Średni wynik to 30 z 64
Odpowiedzi na mapie
Odpowiedzi zakodowano w zielono-czerwonej skali na mapie do tego quizu, zgodnie z poniższymi procentami.
 
Statystyki odpowiedzi
Miasto % Poprawnych
Kraków
99%
Zakopane
93%
Nowy Sącz
89%
Tarnów
89%
Nowy Targ
84%
Wieliczka
84%
Bochnia
78%
Oświęcim
77%
Wadowice
70%
Stary Sącz
67%
Limanowa
66%
Myślenice
66%
Olkusz
64%
Brzesko
62%
Chrzanów
62%
Gorlice
62%
Skawina
60%
Miechów
58%
Niepołomice
57%
Andrychów
56%
Krynica-Zdrój
55%
Rabka-Zdrój
55%
Sucha Beskidzka
53%
Zator
51%
Dąbrowa Tarnowska
49%
Proszowice
49%
Muszyna
47%
Szczawnica
47%
Trzebinia
45%
Kalwaria Zebrzydowska
44%
Alwernia
43%
Krzeszowice
41%
Piwniczna-Zdrój
41%
Maków Podhalański
40%
Kęty
39%
Mszana Dolna
39%
Wolbrom
39%
Czarny Dunajec
38%
Jordanów
36%
Dobczyce
35%
Grybów
34%
Libiąż
34%
Słomniki
34%
Nowe Brzesko
33%
Nowy Wiśnicz
33%
Skała
33%
Biecz
32%
Żabno
31%
Tuchów
30%
Brzeszcze
29%
Koszyce
29%
Szczucin
29%
Ciężkowice
28%
Świątniki Górne
28%
Wojnicz
28%
Zakliczyn
28%
Bobowa
27%
Bukowno
27%
Czchów
27%
Książ Wielki
27%
Sułkowice
27%
Chełmek
26%
Radłów
22%
Ryglice
22%
Nie znaleziono quizów pasujących do podanych kryteriów
Rozkład punktacji
Procent ludzi z każdym wynikiem
Percentyl według liczby udzielonych odpowiedzi
Twoja historia wyników
Nie rozwiązałeś tego quizu od ostatniego zresetowania